000 00895cab a22001935a 4500
001 L143588
008 080520s2008 xxkad f s 000 0 eng d
035 _a(Sirsi) u143588
041 0 _aeng
100 1 _aMcNamara, Gary
245 0 0 _aFuture pricing of property total returns changes since the credit crunch
260 _c2008
490 0 _aProperty Forecast
_vApril 2008, 16-17(2)
520 _aUses property derivatives to predict the future performance of the property market. Examines the UK IPD All Property derivative pricing for what might be inferred for 2007, 2008 and 2009 at the beginning of the credit crunch in July 2007. Also looks at how the inferred total return has changed over time.
590 _aKA
651 4 _aUnited Kingdom
_y
690 _aPROPERTY-COMMERCIAL PROPERTY- LEASEHOLD COMMERCIAL PROPERTY-COMMERCIAL LANDLORD AND TENANT-BUSINESS TENANCIES
942 _n0
999 _c80237
_d80237